History of the rise and influence of the spirit of rationalism in Europe / (Record no. 157403)

MARC details
000 -LEADER
campo de control de longitud fija 00748nam a22002055i 4500
001 - NÚMERO DE CONTROL
campo de control 157403
003 - IDENTIFICADOR DE NÚMERO DE CONTROL
campo de control ES-MaACL
005 - FECHA Y HORA DE LA ÚLTIMA TRANSACCIÓN
campo de control 20230906210658.0
008 - DATOS DE LONGITUD FIJA--INFORMACIÓN GENERAL
campo de control de longitud fija 040823s1893 xxk |||| | eng d
040 ## - FUENTE DE CATALOGACIÓN
Centro catalogador/agencia de origen CAM
Lengua de catalogación spa
Centro/agencia transcriptor CAM
100 1# - ENTRADA PRINCIPAL--NOMBRE DE PERSONA
Nombre de persona Lecky, William Edward Hartpole.
9 (RLIN) 71080
245 10 - MENCIÓN DEL TÍTULO
Título History of the rise and influence of the spirit of rationalism in Europe /
Mención de responsabilidad, etc. by William Edward Hartpole Lecky.
250 ## - MENCION DE EDICION
Mención de edición New ed.
260 ## - PUBLICACIÓN, DISTRIBUCIÓN, ETC.
Lugar de publicación, distribución, etc. London :
Nombre del editor, distribuidor, etc. Longmans, Green and Co.,
Fecha de publicación, distribución, etc. 1893 (
Fabricante Spottiswoode and Co.)
300 ## - DESCRIPCIÓN FÍSICA
Extensión 2 v. (XIII, 430 ; XXXI, 408 p.) ;
Dimensiones 19 cm.
650 04 - PUNTO DE ACCESO ADICIONAL DE MATERIA--TÉRMINO DE MATERIA
Término de materia o nombre geográfico como elemento de entrada Racionalismo-
Subdivisión general Historia-
Subdivisión geográfica Europa.
9 (RLIN) 222788
752 ## - ENTRADA AGREGADA--NOMBRE JERÁRQUICO DEL LUGAR
País o entidad superior Gran Bretaña -
Jurisdicción política intermedia Londres
852 ## - LOCALIZACIÓN
Ubicación ES-MaACL
Número de control de estantería G-11271-11272
Nota libre -- Enc. ed. en tela
Holdings
Estatus retirado Estado de pérdida Estado de daño No para préstamo Colección Biblioteca de origen Biblioteca actual Ubicación en estantería Fecha de adquisición Fuente de adquisición Total de préstamos Signatura topográfica completa Código de barras Visto por última vez Precio de reemplazo Tipo de ítem Koha
        Libros del s. XIX Biblioteca del Ateneo de Madrid Biblioteca del Ateneo de Madrid Sala Pecera Planta 3 17/01/2008     G-11271-11272 1164720 23/02/2023 23/02/2023 Libro impreso antiguo